Mare incógnita : (Record no. 192170)

MARC details
000 -LEADER
campo de control de longitud fija 01154cam a2200313 i 4500
001 - NÚMERO DE CONTROL
campo de control 192170
003 - IDENTIFICADOR DE NÚMERO DE CONTROL
campo de control ES-MaACL
005 - FECHA Y HORA DE LA ÚLTIMA TRANSACCIÓN
campo de control 20250827052324.0
008 - DATOS DE LONGITUD FIJA--INFORMACIÓN GENERAL
campo de control de longitud fija 221107s2018 mr ab 000 p spa d
040 ## - FUENTE DE CATALOGACIÓN
Lengua de catalogación spa
Centro/agencia transcriptor ES-MaACL
080 ## - NÚMERO DE LA CLASIFICACIÓN DECIMAL UNIVERSAL
Número de la Clasificación Decimal Universal 821.134.2-14"20"
080 ## - NÚMERO DE LA CLASIFICACIÓN DECIMAL UNIVERSAL
Número de la Clasificación Decimal Universal 910.4(0:82)
100 1# - ENTRADA PRINCIPAL--NOMBRE DE PERSONA
Nombre de persona Othman-Bentria Ramos, Farid,
Fechas asociadas al nombre 1979-
Término indicativo de función/relación Autor
9 (RLIN) 175800
245 10 - MENCIÓN DEL TÍTULO
Título Mare incógnita :
Resto del título cartografía poética /
Mención de responsabilidad, etc. Farid Othman-Bentria Ramos ; [prólogo, Antonio Lozano].
260 ## - PUBLICACIÓN, DISTRIBUCIÓN, ETC.
Lugar de publicación, distribución, etc. Tanger :
Nombre del editor, distribuidor, etc. Litograf,
Fecha de publicación, distribución, etc. [2018]
300 ## - DESCRIPCIÓN FÍSICA
Extensión 50 páginas, 1 hoja de mapa plegada :
Otras características físicas mapas ;
Dimensiones 15 cm.
490 1# - MENCIÓN DE SERIE
Mención de serie Mare nostrum
500 ## - NOTA GENERAL
Nota general Índice
520 ## - RESUMEN, ETC.
Sumario, etc. Cuaderno de viaje que incluye poemario con cartografía del Mediterráneo
650 #7 - PUNTO DE ACCESO ADICIONAL DE MATERIA--TÉRMINO DE MATERIA
Término de materia o nombre geográfico como elemento de entrada Viajes-
Subdivisión general En la literatura
Fuente del encabezamiento o término
9 (RLIN) 151280
651 #4 - PUNTO DE ACCESO ADICIONAL DE MATERIA--NOMBRE GEOGRÁFICO
Nombre geográfico Mediterráneo (Región)-
Subdivisión general En la literatura.
9 (RLIN) 175801
655 #7 - TERMINO DE INDIZACIÓN--GENERO/FORMA
Datos o término principal de género/forma Poesías
Fuente del término tgfbne
9 (RLIN) 176539
700 1# - ENTRADA AGREGADA--NOMBRE PERSONAL
Nombre de persona Lozano, Antonio,
Fechas asociadas al nombre 1956-2019
Término indicativo de función/relación Autor de introducción
9 (RLIN) 175774
830 1# - PUNTO DE ACCESO ADICIONAL DE SERIE-TÍTULO UNIFORME
Título uniforme Mare nostrum
9 (RLIN) 176533
852 4# - LOCALIZACIÓN
Ubicación ES-MaACL
Número de control de estantería N-8125
Sublocalización o colección R. 152258
Ubicación en estantería Depósito J
Donativo/Legado Donación: Editorial
itemnumber 199452
942 ## - ELEMENTOS DE ENTRADA SECUNDARIOS (KOHA)
Tipo de ítem Koha Libro impreso
Suprimir en OPAC No
Holdings
Estatus retirado Estado de pérdida Fuente del sistema de clasificación o colocación Estado de daño No para préstamo Biblioteca de origen Biblioteca actual Ubicación en estantería Fecha de adquisición Fuente de adquisición Número de control de estantería Total de préstamos Signatura topográfica completa Código de barras Visto por última vez Tipo de ítem Koha
    Clasificación decimal universal     Biblioteca del Ateneo de Madrid Biblioteca del Ateneo de Madrid Depósito J 07/11/2022 Donación Ateneísta   N-8125 101206424 23/02/2023 Libro impreso